[Event "Titled Tuesday intern op 11th Feb Early"]
[Site "Chess.com INT"]
[Date "2025.02.11"]
[Round "3"]
[White "Nowak, Mikolaj"]
[Black "Sai, Krishna GV"]
[Result "0-1"]
[WhiteElo "2316"]
[BlackElo "2366"]
[PlyCount "122"]
[EventDate "2025.02.11"]
[EventType "swiss (blitz)"]
[EventRounds "11"]
[EventCountry "USA"]
[SourceTitle "CB09_2025"]
[SourceDate "2025.02.27"]
[SourceVersion "1"]
[SourceVersionDate "2025.02.27"]
[SourceQuality "1"]

1. f3 e5 2. Kf2 f5 3. g3 h5 4. d3 h4 5. Bh3 Bc5+ 6. Kg2 d5 7. e3 Nc6 8. Ne2 g5 9. g4 fxg4 10. Bxg4 h3+ 11. Kf1 Bxg4 12. fxg4 Rh4 13. Ng3 Nh6 14. Qf3 e4 15. dxe4 Ne5 16. Qe2 Nhxg4 17. Nc3 d4 18. exd4 Bxd4 19. Nf5 Bxc3 20. bxc3 Qf6 21. Be3 0-0-0 22. Bd4 Nh6 23. Bxe5 Qxe5 24. Nxh4 gxh4 25. Qf3 Rd6 26. Ke2 Rf6 27. Qxh3+ Kb8 28. Qd3 Qh5+ 29. Kd2 Qg5+ 30. Kd1 Rd6 31. Rf1 Qg4+ 32. Kc1 Rxd3 33. Rf8+ Qc8 34. Rxc8+ Kxc8 35. cxd3 Ng4 36. h3 Nf2 37. Kd2 Nxh3 38. Rh1 Ng5 39. Rxh4 Nf3+ 40. Ke3 Nxh4 41. Kf4 Ng6+ 42. Kf5 Ne7+ 43. Ke6 Kd8 44. d4 Nc6 45. d5 Na5 46. e5 Nc4 47. d6 cxd6 48. exd6 Na3 49. Kd5 Kd7 50. c4 Nc2 51. c5 Nb4+ 52. Kc4 Nxa2 53. Kb5 Nc3+ 54. Kc4 Na4 55. Kd5 Nc3+ 56. Kc4 Ne4 57. Kd5 Nxd6 58. cxd6 a5 59. Kc5 a4 60. Kb4 b5 61. Kxb5 a3 0-1

[Event "Titled Tuesday intern op 11th Feb Early"]
[Site "Chess.com INT"]
[Date "2025.02.11"]
[Round "6"]
[White "Paichadze, Luka"]
[Black "Sai, Krishna GV"]
[Result "1-0"]
[WhiteElo "2532"]
[BlackElo "2366"]
[PlyCount "111"]
[EventDate "2025.02.11"]
[EventType "swiss (blitz)"]
[EventRounds "11"]
[EventCountry "USA"]
[SourceTitle "CB08_2025"]
[SourceDate "2025.02.19"]
[SourceVersion "1"]
[SourceVersionDate "2025.02.19"]
[SourceQuality "1"]

1. e4 e5 2. Nf3 Nc6 3. d4 exd4 4. Nxd4 Nf6 5. Nxc6 bxc6 6. Bd3 d5 7. exd5 cxd5 8. 0-0 Be7 9. h3 0-0 10. Nd2 c5 11. b3 d4 12. Qf3 Rb8 13. Nc4 Bb7 14. Qg3 Qd5 15. f3 Nh5 16. Qc7 Qe6 17. Bd2 Rfc8 18. Qh2 Bd5 19. Rae1 Qf6 20. Qe5 Bxc4 21. Bxc4 Qxe5 22. Rxe5 Ng3 23. Rxe7 Nxf1 24. Kxf1 Kh8 25. Rxa7 Ra8 26. Rxa8 Rxa8 27. a4 Kg8 28. a5 Kf8 29. Bd5 Ra7 30. Bc4 Ke7 31. Ke2 f6 32. Kd3 Kd6 33. b4 cxb4 34. Bxb4+ Kc6 35. Kxd4 g5 36. g4 h5 37. Ke4 hxg4 38. hxg4 Rc7 39. Bd3 Kd7 40. a6 Ke6 41. Bd2 Rh7 42. Be3 Rh4 43. a7 f5+ 44. Kd4 fxg4 45. fxg4 Rxg4+ 46. Be4 Kf6 47. a8Q Kg7 48. Qb7+ Kh6 49. Qc6+ Kh5 50. Qg6+ Kh4 51. Bf2+ Rg3 52. Bxg3+ Kxg3 53. Qxg5+ Kf2 54. Qg2+ Ke1 55. Kd3 Kd1 56. Qf1# 1-0

[Event "Titled Tuesday intern op 11th Feb Early"]
[Site "Chess.com INT"]
[Date "2025.02.11"]
[Round "8"]
[White "Sai, Krishna GV"]
[Black "Valle Luis, Leo"]
[Result "1-0"]
[WhiteElo "2366"]
[BlackElo "2250"]
[PlyCount "74"]
[EventDate "2025.02.11"]
[EventType "swiss (blitz)"]
[EventRounds "11"]
[EventCountry "USA"]
[SourceTitle "CB09_2025"]
[SourceDate "2025.02.27"]
[SourceVersion "1"]
[SourceVersionDate "2025.02.27"]
[SourceQuality "1"]

1. Nf3 c6 2. g3 d5 3. Bg2 Nf6 4. 0-0 h6 5. d3 Bf5 6. Nbd2 e6 7. Qe1 Be7 8. e4 Bh7 9. Qe2 0-0 10. Ne1 c5 11. f4 Nc6 12. c3 b5 13. g4 b4 14. h4 Ne8 15. g5 hxg5 16. hxg5 dxe4 17. dxe4 e5 18. Nc4 exf4 19. e5 Rc8 20. Bxf4 Bxg5 21. Rd1 Qe7 22. Qh5 Bxf4 23. Rxf4 Bg6 24. Qh3 Nxe5 25. Rh4 Bh7 26. Rxh7 Ng6 27. Nf3 Nf6 28. Ng5 Rcd8 29. Rf1 Rfe8 30. Bc6 Nxh7 31. Qxh7+ Kf8 32. Qxg6 f6 33. Nh7+ Kg8 34. Nxf6+ Kf8 35. Nxe8+ Kg8 36. Nf6+ Kf8 37. Nd5+ Qf6 1-0

[Event "Titled Tuesday intern op 04th Feb Late"]
[Site "Chess.com INT"]
[Date "2025.02.04"]
[Round "6"]
[White "Ponce Cano, Adrian"]
[Black "Sai, Krishna GV"]
[Result "1/2-1/2"]
[WhiteElo "2197"]
[BlackElo "2366"]
[PlyCount "45"]
[EventDate "2025.02.04"]
[EventType "swiss (blitz)"]
[EventRounds "11"]
[EventCountry "USA"]
[SourceTitle "CB07_2025"]
[SourceDate "2025.02.12"]
[SourceVersion "1"]
[SourceVersionDate "2025.02.12"]
[SourceQuality "1"]

1. e4 e5 2. Nf3 Nc6 3. c3 d5 4. Qa4 dxe4 5. Nxe5 Qd5 6. Nxc6 bxc6 7. Bc4 Qc5 8. d4 exd3 9. 0-0 Bd6 10. Re1+ Ne7 11. Be3 Qh5 12. g3 Bf5 13. Bf4 Kd7 14. Bxd6 cxd6 15. Nd2 d5 16. Rxe7+ Kxe7 17. Re1+ Kf6 18. Bxd3 Be6 19. Qf4+ Ke7 20. Qc7+ Kf6 21. Qf4+ Ke7 22. Qc7+ Kf6 23. Qf4+ 1/2-1/2

[Event "Titled Tuesday intern op 04th Feb Late"]
[Site "Chess.com INT"]
[Date "2025.02.04"]
[Round "11"]
[White "Sai, Krishna GV"]
[Black "Hamitevici, Vladimir"]
[Result "0-1"]
[WhiteElo "2366"]
[BlackElo "2423"]
[PlyCount "74"]
[EventDate "2025.02.04"]
[EventType "swiss (blitz)"]
[EventRounds "11"]
[EventCountry "USA"]
[SourceTitle "CB07_2025"]
[SourceDate "2025.02.12"]
[SourceVersion "1"]
[SourceVersionDate "2025.02.12"]
[SourceQuality "1"]

1. e4 c5 2. Nf3 d6 3. d4 cxd4 4. Nxd4 Nf6 5. Nc3 e5 6. Nde2 Be7 7. Bg5 Nbd7 8. f3 0-0 9. Qd2 a6 10. Nd1 Qc7 11. Nec3 h6 12. Bxf6 Nxf6 13. Ne3 Be6 14. a4 Rac8 15. Be2 Qb6 16. Rb1 Rfd8 17. g4 Rxc3 18. Qxc3 d5 19. Qb3 Bb4+ 20. c3 Qxe3 21. Qxb4 dxe4 22. Rd1 Rxd1+ 23. Kxd1 exf3 24. Bc4 Bxg4 25. Qxb7 Bh5 26. Rf1 Ne4 27. Kc2 Nd2 28. Qc8+ Kh7 29. Bd3+ e4 30. Bxe4+ Nxe4 31. Rd1 f2 32. Rd8 f1Q 33. Rh8+ Kg6 34. Qxa6+ Qxa6 35. Rxh6+ gxh6 36. h4 Qxa4+ 37. Kb1 Qe1# 0-1

[Event "Titled Tuesday intern op 28th Jan Early"]
[Site "Chess.com INT"]
[Date "2025.01.28"]
[Round "1"]
[White "Shinkarev, M."]
[Black "Sai, Krishna GV"]
[Result "1-0"]
[WhiteElo "2128"]
[BlackElo "2374"]
[PlyCount "99"]
[EventDate "2025.01.28"]
[EventType "swiss (blitz)"]
[EventRounds "11"]
[EventCountry "USA"]
[SourceTitle "CB06_2025"]
[SourceDate "2025.02.05"]
[SourceVersion "1"]
[SourceVersionDate "2025.02.05"]
[SourceQuality "1"]

1. c4 e5 2. g3 Nc6 3. Bg2 h5 4. h3 Bc5 5. e3 d6 6. Ne2 h4 7. g4 f5 8. d4 Bb4+ 9. Nec3 Nf6 10. f3 d5 11. cxd5 Nxd5 12. 0-0 f4 13. Nxd5 Qxd5 14. dxe5 Qxd1 15. Rxd1 fxe3 16. Bxe3 Nxe5 17. Bd4 Ng6 18. Bxg7 Rh7 19. Bd4 Be6 20. Nc3 0-0-0 21. a3 Bxc3 22. Bxc3 Nf4 23. Bf1 Rhd7 24. Rxd7 Rxd7 25. Re1 Bf7 26. Kf2 c5 27. Re5 b6 28. Rf5 Nd5 29. Be5 Be6 30. Rh5 Kb7 31. Rh6 Bf7 32. f4 Ne7 33. Rf6 Ng6 34. Bg2+ Ka6 35. Be4 Nxe5 36. fxe5 Re7 37. Bf5 Bd5 38. e6 b5 39. Ke3 Ka5 40. g5 Ka4 41. Bc2+ Bb3 42. Bf5 b4 43. axb4 Kxb4 44. g6 c4 45. Rf7 Re8 46. g7 Rg8 47. Bh7 c3 48. bxc3+ Kxc3 49. Bxg8 Bxe6 50. Rc7+ 1-0

[Event "Titled Tuesday intern op 07th Jan Early"]
[Site "Chess.com INT"]
[Date "2025.01.07"]
[Round "5"]
[White "Sai, Krishna GV"]
[Black "Coe, William R"]
[Result "1-0"]
[WhiteElo "2374"]
[BlackElo "2078"]
[PlyCount "89"]
[EventDate "2025.01.07"]
[EventType "swiss (blitz)"]
[EventRounds "11"]
[EventCountry "USA"]
[SourceTitle "CB03_2025"]
[SourceDate "2025.01.15"]
[SourceVersion "1"]
[SourceVersionDate "2025.01.15"]
[SourceQuality "1"]

1. Nf3 Nf6 2. g3 g6 3. Bg2 Bg7 4. 0-0 0-0 5. d3 c5 6. e4 d6 7. Nbd2 e5 8. Ne1 Nc6 9. f4 Bg4 10. Nef3 Nd4 11. h3 Nxf3+ 12. Nxf3 Bxf3 13. Qxf3 Nd7 14. f5 f6 15. fxg6 hxg6 16. h4 Qe7 17. h5 g5 18. Bh3 Nb8 19. h6 Bxh6 20. Qh5 Qg7 21. Be6+ Kh7 22. Kg2 Nc6 23. Rh1 Ne7 24. Be3 Rh8 25. Rh2 Qg6 26. Qg4 Kg7 27. Rah1 Raf8 28. Rh5 Qe8 29. Qh3 Qg6 30. Bf5 Nxf5 31. exf5 Qh7 32. Qg4 Qg8 33. c4 Rh7 34. Bxg5 fxg5 35. Rxh6 Rxh6 36. Qxg5+ Kf7 37. Qxh6 Ke7 38. Qh7+ Qxh7 39. Rxh7+ Rf7 40. Rxf7+ Kxf7 41. g4 Kf6 42. Kf3 Kg5 43. Ke4 Kf6 44. Kd5 Kg5 45. Kxd6 1-0

[Event "Budapest One Week GM-B 12"]
[Site "Budapest"]
[Date "2024.12.19"]
[Round "7"]
[White "Liu, Zexu"]
[Black "Sai, Krishna GV"]
[Result "0-1"]
[WhiteElo "2350"]
[BlackElo "2409"]
[PlyCount "126"]
[EventDate "2024.12.16"]
[EventType "tourn"]
[EventRounds "9"]
[EventCountry "HUN"]
[EventCategory "6"]
[SourceTitle "CB52_2024"]
[SourceDate "2024.12.25"]
[SourceVersion "1"]
[SourceVersionDate "2024.12.25"]
[SourceQuality "1"]

1. d4 Nf6 2. c4 g6 3. Nc3 Bg7 4. e4 d6 5. Nf3 0-0 6. Be2 e5 7. Be3 Ng4 8. Bg5 f6 9. Bh4 Nc6 10. d5 Ne7 11. Nd2 f5 12. h3 Nf6 13. g4 c6 14. Qb3 cxd5 15. exd5 b6 16. f3 Kh8 17. Qa3 Ne8 18. 0-0-0 Nc7 19. Bd3 Qd7 20. Kb1 Bb7 21. gxf5 gxf5 22. Bg5 Ng6 23. Bc2 b5 24. Nb3 bxc4 25. Na5 Nb5 26. Nxb5 Qxb5 27. Nc6 Bxc6 28. dxc6 d5 29. Ba4 Qa5 30. h4 Nf4 31. h5 Rf7 32. h6 Bf8 33. Qc3 Qxc3 34. bxc3 Nd3 35. Kc2 Nc5 36. Rxd5 Nxa4 37. Rd7 Kg8 38. Rg1 Rxd7 39. cxd7 Bc5 40. Rg2 Bb6 41. Bh4+ Kf7 42. Rg7+ Ke6 43. Rxh7 Rg8 44. Re7+ Kd6 45. Rg7 Rh8 46. h7 Nc5 47. Bf6 Ke6 48. d8Q Bxd8 49. Bxd8 f4 50. Bh4 a6 51. Kd2 e4 52. Ke2 e3 53. Bg5 Nd3 54. Rc7 Kf5 55. Bh6 Kg6 56. Rxc4 Nc1+ 57. Kd1 e2+ 58. Ke1 Kxh6 59. Rc6+ Kg5 60. Rc7 Kg6 61. Rc6+ Kxh7 62. Rc7+ Kg6 63. Re7 Rh1+ 0-1

[Event "Budapest One Week GM-B 12"]
[Site "Budapest"]
[Date "2024.12.17"]
[Round "3"]
[White "Pap, Misa"]
[Black "Sai, Krishna GV"]
[Result "1-0"]
[WhiteElo "2419"]
[BlackElo "2409"]
[PlyCount "111"]
[EventDate "2024.12.16"]
[EventType "tourn"]
[EventRounds "9"]
[EventCountry "HUN"]
[EventCategory "6"]
[SourceTitle "CB52_2024"]
[SourceDate "2024.12.25"]
[SourceVersion "1"]
[SourceVersionDate "2024.12.25"]
[SourceQuality "1"]

1. e4 e5 2. Nf3 Nc6 3. Bb5 a6 4. Ba4 Nf6 5. 0-0 Be7 6. Re1 b5 7. Bb3 d6 8. c3 0-0 9. d4 Bg4 10. d5 Na5 11. Bc2 Qc8 12. h3 Bd7 13. Bg5 c6 14. dxc6 Qxc6 15. Nbd2 Rfc8 16. Bd3 Nb7 17. Rc1 Be6 18. c4 Nc5 19. Bb1 a5 20. b3 Ra7 21. cxb5 Qxb5 22. Nc4 Qa6 23. Bxf6 Bxf6 24. Re2 Be7 25. Rd2 Rd7 26. Ne3 Rdc7 27. Nd5 Bxd5 28. Rxd5 Ne6 29. Rxc7 Rxc7 30. Bd3 Qa8 31. Bc4 a4 32. Qe1 axb3 33. axb3 Nf4 34. Ra5 Qb7 35. g3 Nxh3+ 36. Kg2 Qc8 37. Qh1 Ng5 38. Bd5 Qd7 39. Ra8+ Rc8 40. Nxg5 Bxg5 41. Rxc8+ Qxc8 42. Qh5 Bd2 43. Bxf7+ Kh8 44. Qe2 Bc3 45. Qb5 g6 46. Qb6 Qf8 47. Qb7 Bd4 48. b4 Kg7 49. Bd5+ Kh6 50. f3 Qg7 51. Qc8 Qf6 52. Qh3+ Kg7 53. Qd7+ Kh6 54. Bg8 Kg5 55. Qxh7 Qf8 56. Qh4# 1-0

[Event "Budapest One Week GM-B 12"]
[Site "Budapest"]
[Date "2024.12.16"]
[Round "1"]
[White "Sai, Krishna GV"]
[Black "Juhasz, Agoston Botond"]
[Result "0-1"]
[WhiteElo "2409"]
[BlackElo "2426"]
[PlyCount "114"]
[EventDate "2024.12.16"]
[EventType "tourn"]
[EventRounds "9"]
[EventCountry "HUN"]
[EventCategory "6"]
[SourceTitle "CB52_2024"]
[SourceDate "2024.12.25"]
[SourceVersion "1"]
[SourceVersionDate "2024.12.25"]
[SourceQuality "1"]

1. e4 c5 2. Nf3 d6 3. d4 cxd4 4. Nxd4 Nf6 5. Nc3 a6 6. Bg5 Nbd7 7. Bc4 Qb6 8. 0-0 e6 9. Re1 Be7 10. Be3 Qa5 11. Bxe6 fxe6 12. Nxe6 Kf7 13. Ng5+ Kf8 14. a3 Ne5 15. f4 Bg4 16. Qb1 Nc4 17. b4 Qc7 18. f5 Kg8 19. Qb3 h6 20. Ne6 Qc8 21. Bd4 Kh7 22. h3 Bh5 23. Nd5 Nxd5 24. exd5 Bh4 25. Nxg7 Bf7 26. Re4 Nd2 27. Qd3 Nxe4 28. Qxe4 Bd8 29. Re1 Qd7 30. Qg4 Rg8 31. Re6 Bg5 32. Rg6 Qe7 33. Kh2 Rac8 34. h4 Bxh4 35. f6 Qe1 36. Qd7 Rcf8 37. Rg4 Kh8 38. Qf5 Bg5 39. Re4 Qd2 40. c3 Rc8 41. Qh3 Bf4+ 42. Kg1 Qc1+ 43. Kf2 Qc2+ 44. Re2 Qg6 45. Re7 Rgf8 46. Ne6 Bxe6 47. Rxe6 Be5 48. Bxe5 dxe5 49. Kg1 Rce8 50. Rb6 Rxf6 51. Rxb7 Ref8 52. c4 Rf1+ 53. Kh2 R1f5 54. Kg1 Rg5 55. c5 Rg8 56. Kh1 Rh5 57. Rh7+ Kxh7 0-1

[Event "Budapest FS12 GM"]
[Site "Budapest"]
[Date "2024.12.11"]
[Round "5"]
[White "Sai, Krishna GV"]
[Black "Liu, Zexu"]
[Result "0-1"]
[WhiteElo "2409"]
[BlackElo "2350"]
[PlyCount "110"]
[EventDate "2024.12.07"]
[EventType "tourn"]
[EventRounds "9"]
[EventCountry "HUN"]
[EventCategory "6"]
[SourceTitle "CB51_2024"]
[SourceDate "2024.12.18"]
[SourceVersion "1"]
[SourceVersionDate "2024.12.18"]
[SourceQuality "1"]

1. e4 e5 2. Nf3 Nc6 3. Bb5 a6 4. Ba4 Bc5 5. c3 Nge7 6. Nxe5 Nxe5 7. d4 Ba7 8. dxe5 Ng6 9. f4 Qh4+ 10. g3 Qh3 11. Qe2 0-0 12. Na3 d6 13. Bd1 Bd7 14. Nc2 dxe5 15. f5 Nf4 16. gxf4 Qh4+ 17. Kd2 Qxf4+ 18. Kd3 Rfd8 19. Nd4 Bb5+ 20. Kc2 exd4 21. Bxf4 d3+ 22. Kb3 dxe2 23. Bc2 Bf2 24. Bg3 Bxg3 25. hxg3 Rd2 26. Rae1 c5 27. c4 Bxc4+ 28. Kc3 Rad8 29. b3 Bb5 30. a4 Bc6 31. Rh2 Rxc2+ 32. Kxc2 Bxe4+ 33. Kc3 Bf3 34. a5 Kf8 35. Kc4 Rd1 36. Rexe2 Bxe2+ 37. Rxe2 Rc1+ 38. Kd5 Rc3 39. g4 Rxb3 40. Kxc5 h5 41. gxh5 Rb5+ 42. Kd6 Rxf5 43. Rc2 Kg8 44. Rc5 Rxc5 45. Kxc5 f5 46. Kd5 Kh7 47. Ke5 g6 48. hxg6+ Kxg6 49. Kd6 f4 50. Kc7 f3 51. Kxb7 f2 52. Kxa6 f1Q+ 53. Kb6 Qf3 54. Ka7 Qc6 55. a6 Qb5 0-1

[Event "US Masters op"]
[Site "Charlotte"]
[Date "2024.11.30"]
[Round "7"]
[White "Harsha, Bharathakoti"]
[Black "Sai, Krishna GV"]
[Result "1-0"]
[WhiteElo "2531"]
[BlackElo "2409"]
[PlyCount "75"]
[EventDate "2024.11.27"]
[EventType "swiss"]
[EventRounds "9"]
[EventCountry "USA"]
[SourceTitle "CB49_2024"]
[SourceDate "2024.12.04"]
[SourceVersion "1"]
[SourceVersionDate "2024.12.04"]
[SourceQuality "1"]

1. d4 Nf6 2. c4 g6 3. f3 Bg7 4. e4 d6 5. Nc3 0-0 6. Nge2 Nc6 7. Be3 a6 8. h4 h5 9. Qd2 Rb8 10. Nc1 e5 11. d5 Nd4 12. Nb3 c5 13. dxc6 bxc6 14. Nxd4 exd4 15. Bxd4 d5 16. cxd5 Re8 17. 0-0-0 Qa5 18. Bc4 c5 19. Bxf6 Bxf6 20. d6 Be6 21. d7 Red8 22. Bxe6 fxe6 23. e5 Bxe5 24. Rhe1 Qc7 25. Nd5 Bxb2+ 26. Qxb2 exd5 27. Qf6 Rxd7 28. Qxg6+ Kf8 29. Qf6+ Kg8 30. Re5 d4 31. Rde1 Rg7 32. Re8+ Rxe8 33. Rxe8+ Kh7 34. Qf5+ Rg6 35. Qxh5+ Rh6 36. Qf5+ Kg7 37. Qf8+ Kg6 38. Re6+ 1-0

[Event "Titled Tuesday intern op 24th Sep Late"]
[Site "Chess.com INT"]
[Date "2024.09.24"]
[Round "8"]
[White "Sai, Krishna GV"]
[Black "Spata, German"]
[Result "1-0"]
[WhiteElo "2402"]
[BlackElo "2399"]
[PlyCount "73"]
[EventDate "2024.09.24"]
[EventType "swiss (blitz)"]
[EventRounds "11"]
[EventCountry "USA"]
[SourceTitle "EXT 2025"]
[Source "ChessBase"]
[SourceDate "2024.10.14"]
[SourceVersion "1"]
[SourceVersionDate "2024.10.14"]
[SourceQuality "1"]

1. Nf3 Nf6 2. g3 g6 3. Bg2 Bg7 4. 0-0 0-0 5. d3 c5 6. e4 Nc6 7. Nh4 d5 8. c3 e5 9. Qc2 d4 10. Nd2 b6 11. a4 dxc3 12. bxc3 Ba6 13. Nc4 Na5 14. Rd1 Nxc4 15. dxc4 Qe7 16. Bf1 Nh5 17. Ng2 f5 18. Ne3 f4 19. Nd5 Qf7 20. a5 fxg3 21. hxg3 Nf6 22. axb6 Nxd5 23. cxd5 Bxf1 24. b7 Bh3 25. Kh2 Rab8 26. Kxh3 Rxb7 27. Be3 Qf3 28. d6 Rbf7 29. d7 Rd8 30. Rxa7 Qh5+ 31. Kg2 Qf3+ 32. Kg1 h5 33. Bg5 Bf6 34. Bxf6 Rxf6 35. Qd3 Qxd3 36. Rxd3 Rf7 37. Rd5 1-0

[Event "Titled Tuesday intern op 24th Sep Late"]
[Site "Chess.com INT"]
[Date "2024.09.24"]
[Round "7"]
[White "Sai, Krishna GV"]
[Black "Thorfinnsson, Bragi"]
[Result "1-0"]
[WhiteElo "2402"]
[BlackElo "2379"]
[PlyCount "109"]
[EventDate "2024.09.24"]
[EventType "swiss (blitz)"]
[EventRounds "11"]
[EventCountry "USA"]
[SourceTitle "EXT 2025"]
[Source "ChessBase"]
[SourceDate "2024.10.14"]
[SourceVersion "1"]
[SourceVersionDate "2024.10.14"]
[SourceQuality "1"]

1. e4 c5 2. Nf3 Nc6 3. Nc3 d6 4. Bb5 Bg4 5. 0-0 a6 6. Bxc6+ bxc6 7. Re1 e5 8. h3 Bh5 9. a4 Nf6 10. g4 Nxg4 11. hxg4 Bxg4 12. Re3 Qf6 13. Kg2 h5 14. Qh1 h4 15. Nh2 Bh5 16. Kf1 g5 17. Qg2 Rg8 18. Ng4 Qe6 19. f3 f5 20. exf5 Qxf5 21. Ne4 0-0-0 22. Nef6 Rh8 23. Nxh5 Rxh5 24. Qh3 Kc7 25. d3 Bg7 26. Kg2 Rf8 27. Bd2 Rhh8 28. Ba5+ Kd7 29. Nf2 Rf7 30. Ra3 Rb8 31. Rb3 Rxb3 32. cxb3 Ke6 33. b4 cxb4 34. Bxb4 Qxh3+ 35. Nxh3 Bh6 36. Re2 Rg7 37. Nf2 Rb7 38. Bc3 Kf5 39. Ng4 Bg7 40. Ne3+ Ke6 41. Nc4 Kd5 42. Re4 c5 43. Rg4 Bh6 44. Bd2 Rg7 45. b4 cxb4 46. Bxb4 Ke6 47. Bxd6 Rb7 48. Bxe5 Rb3 49. Re4 Kf5 50. Ne3+ Kg6 51. d4 Rb2+ 52. Kh3 Rf2 53. Kg4 Re2 54. Nf5 Rg2+ 55. Kh3 1-0